000 00402nam a22001451a 4500
082 _aM3
_bKHA/T
100 _aKhadar U A
_973956
245 _aThrikkottoor peruma/
_cby U A Khadar.
260 _aKottayam:
_bSahitya Pravartaka Co-operative Society,
_c1992.
300 _a268p.
650 _aLiterature
_973957
650 _aLiterature Malayalam
_973958
650 _aNovel Malayalam
_973959
942 _cBK
999 _c47112
_d47112